02300cam a22004694i 4500003000900000005001700009008004100026020002900067020003200096024001600128035002700144035002100171040008800192050002500280082002200305100003200327245005400359264007100413300004500484336002100529337002500550338002200575504003600597505084000633526001001473526001001483526001001493526001001503526000801513526000801521526000801529526000801537526000801545526000801553526000801561630003501569630004001604630004701644630005201691655004301743655004401786PE-LiUPU20250731173036.0160629s2016 mau rb 001 0 eng  a1619708523q(alk. paper) a9781619708525q(alk. paper)8 a40026593306 a(Sirsi) i9781619708525 a(OCoLC)945948763 aDLCbspaerdacDLCdBTCTAdYDXCPdBDXdOCLCFdYDXdYUSdDTMdOCLCOdOCLCQdPE-LiUPU00aBS1235.53b.K62 201600a222.1107bK622231 aKline, Meredith G.,eautor.10aGenesis :ba new commentary /cMeredith G. Kline. 1aPeabody, Massachusetts :bHendrickson Publishers Marketing,c2016. axx, 154 p©Łginas ;c20 cent©Ưmetros atext2rdacontent aunmediated2rdamedia avolume2rdacarrie a©Ưndice: p©Łginas 143-154.0 aThe canonical function of Genesis -- The literary-thematic structure of Genesis -- Theological story in Genesis -- Authorship -- Prologue -- Covenant of creation (1:1-2:3) -- Division one -- City of man in the old world (2:4-4:26) -- Division two -- Community of faith in the old world (5:1-6:8) -- Division three -- Redemptive judgment and re-creation (6:9-9:29) -- Division four -- City of man in the new world (10:1-11:9) -- Division five -- Community of faith in the new world (11:10-26) -- Division six -- Covenant with Abraham (11:27-25:11) -- Division seven -- Dismissal from the covenant (ishmael) (25:12-18) -- Division eight -- Isaac, covenant patriarch (25:19-35:29) -- Division nine -- Dismissal from the covenant (esau) (36:1-37:1) -- Division ten -- Jacob, covenant patriarch (37:2-50:26) -- Index of biblical references. aSEG42 aSEG41 aSEG40 aSEG39 aP94 aP87 aP86 aP85 aP77 aP76 aP3500aBible.pGenesisvCommentaries.00aBiblia.pG©♭nesisvCommentaries.07aBible.pGenesis.2fast0(OCoLC)fst0180804607aBiblia.pG©♭nesis.2fast0(OCoLC)fst01808046 7aComentarios.2fast0(OCoLC)fst01423723 7aCommentaries.2fast0(OCoLC)fst01423723